000 00356pab a2200157 454500
008 180718b2005 xxu||||| |||| 00| 0 eng d
100 _aDadhich, Ramesh
245 _aAbolition of standard deduction
260 _c2005
300 _ap.3-6.
362 _a7 May
650 _aTaxation
700 _aShah, C.K.
773 _aYoung Indian
909 _a64995
999 _c64995
_d64995